000 00409nam a2200157Ia 4500
008 240729s9999 xx 000 0 und d
022 _a2521-0602
245 0 _aMalaysian Journal of Geosciences
260 _aMalaysia
260 _bZibeline International
650 _a Geology
650 _aScience
856 _uhttps://doaj.org/toc/3611357820c844bbbb0fc28b6be7fb96
942 _2ddc
942 _cDOAJEJ
999 _c72233
_d72233
945 _a1
_bMadushi Gamage
_c1
_dMadushi Gamage